Thank you, Amelia Bedelia / (Record no. 7294)

MARC details
000 -LEADER
fixed length control field 01080nam a22003017a 4500
001 - CONTROL NUMBER
control field 7294
003 - CONTROL NUMBER IDENTIFIER
control field FISKH
005 - DATE AND TIME OF LATEST TRANSACTION
control field 20250708151340.0
008 - FIXED-LENGTH DATA ELEMENTS--GENERAL INFORMATION
fixed length control field 250708b cb ||||| |||| 00| 0 eng d
020 ## - INTERNATIONAL STANDARD BOOK NUMBER
International Standard Book Number 9780064441711
040 ## - CATALOGING SOURCE
Original cataloging agency FISKH
Language of cataloging eng
Transcribing agency FISKH
Modifying agency FISKH
050 ## - LIBRARY OF CONGRESS CALL NUMBER
Classification number PZ7.P219 T
082 ## - DEWEY DECIMAL CLASSIFICATION NUMBER
Classification number 813.54
100 ## - MAIN ENTRY--PERSONAL NAME
Personal name Parish, Peggy
Dates associated with a name (1927–1988)
245 ## - TITLE STATEMENT
Title Thank you, Amelia Bedelia /
Statement of responsibility, etc. Story by Peggy Parish ; Pictures by Barbara Siebel Thomas ; Based on the original drawings by Fritz Siebel
250 ## - EDITION STATEMENT
Edition statement This edition first published in 1964
260 ## - PUBLICATION, DISTRIBUTION, ETC.
Place of publication, distribution, etc. New York :
Name of publisher, distributor, etc. HarperCollins,
Date of publication, distribution, etc. 1964
300 ## - PHYSICAL DESCRIPTION
Extent 64 pages :
Other physical details color illustrations ;
Dimensions 23 cm
505 ## - FORMATTED CONTENTS NOTE
Formatted contents note L<br/>
520 ## - SUMMARY, ETC.
Summary, etc. Preparing for the arrival of an important visitor, a wacky housekeeper follows her employer's instructions with humorous results.<br/>
521 8# - TARGET AUDIENCE NOTE
Target audience note 510<br/>
Source Lexile<br/>
521 8# - TARGET AUDIENCE NOTE
Target audience note L<br/>
Source Raz-Plus<br/>
650 ## - SUBJECT ADDED ENTRY--TOPICAL TERM
Source of heading or term Early reader
Topical term or geographic name entry element Humorous stories
650 ## - SUBJECT ADDED ENTRY--TOPICAL TERM
Source of heading or term Amelia Bedelia
Topical term or geographic name entry element Figurative language
700 ## - ADDED ENTRY--PERSONAL NAME
Personal name Thomas, Siebel Barbara
Dates associated with a name illustrator
942 ## - ADDED ENTRY ELEMENTS (KOHA)
Source of classification or shelving scheme Dewey Decimal Classification
Koha item type Books
Suppress in OPAC No
Holdings
Withdrawn status Lost status Source of classification or shelving scheme Damaged status Not for loan Collection Home library Current library Shelving location Date acquired Total Checkouts Full call number Barcode Date last seen Copy number Price effective from Koha item type
    Dewey Decimal Classification     Juvenile Fiction Footprints International School Library Network Toul Tom Poung Campus Footprints International School Library Network Toul Tom Poung Campus TTP Primary Yellow Bookshelves 07/08/2025   PAR 813.54 PZ7.P219 T FIS03081 07/08/2025 1 07/08/2025 Books